| 000 | 00726nam a22002417a 4500 | ||
|---|---|---|---|
| 003 | UA-OsUOA | ||
| 001 | 57273 | ||
| 007 | ta | ||
| 008 | 20081209b un ||||| |||| 00| 0 ukr d | ||
| 100 | _aТхоржевська Т. Д. | ||
| 090 |
_a37.034:27(477) _bТ92 |
||
| 942 | _cBK | ||
| 040 |
_aUA-OsUOA _bukr _cUA-OsUOA _dUA-OsUOA |
||
| 245 |
_aПравославне виховання в історії педагогіки України _bМонографія |
||
| 300 | _a432 с. | ||
| 955 | _a1 | ||
| 041 | _aukr | ||
| 080 | _a37.034:27(477) | ||
| 020 | _a978-966-651-533-2 | ||
| 260 |
_aК. _bФенікс _c2008 |
||
| 650 | 7 |
_a37.0 Основні види та принципи освіти _2UDC |
|
| 999 |
_c343351 _d343351 |
||